L'art des jardins

שמור ב:
מידע ביבליוגרפי
מחבר ראשי: Georges Gromort
פורמט: ספר
שפה:Undetermined
יצא לאור: Paris Vincent, Fréal et Cie 1953
נושאים:
תגים: הוספת תג
אין תגיות, היה/י הראשונ/ה לתייג את הרשומה!
Thư viện lưu trữ: Trung tâm Học liệu Trường Đại học Cần Thơ
LEADER 00434nam a2200169Ia 4500
001 CTU_9496
008 210402s9999 xx 000 0 und d
082 |a 712.6 
082 |b G875/T1 
100 |a Georges Gromort 
245 0 |a L'art des jardins 
245 0 |c Georges Gromort 
260 |a Paris 
260 |b Vincent, Fréal et Cie 
260 |c 1953 
650 |a gardens 
980 |a Trung tâm Học liệu Trường Đại học Cần Thơ